De una a cuatro lenguas : intercomprensión románica, del español al portugués, al italiano y al francés /

Bibliographic Details
Main Authors: Schmidely, Jack (Author, Editor), Alvar Ezquerra, Manuel, 1950- (Author), Hernández González, Carmen (Author)
Format: Electronic eBook
Language:Spanish
French
Italian
Portuguese
Published: Madrid : Arco/Libros, S. L., [2016]
Edition:2a edición actualizada.
Subjects:
Online Access:Digitalia Hispánica

MARC

LEADER 00000nam a2200000Ii 4500
001 DIGARCOL0218
003 NyNyDIG
006 m o d
007 cr |||||||||||
008 241001s2016 sp a ob 000 0 spa d
035 |a (OCoLC)1459766791 
040 |a DGITA  |b eng  |e rda  |e pn  |c DGITA 
020 |z 9788476354735 
041 0 |a spa  |a fre  |a ita  |a por 
050 1 4 |a PC67 ebook 
245 0 0 |a De una a cuatro lenguas :  |b intercomprensión románica, del español al portugués, al italiano y al francés /  |c obra elaborada por un equipo de romanistas y redactada por, Jack Schmidely (coord.), Manuel Alvar Ezquerra y Carmen Hernández González. 
246 1 4 |a De una a cuatro lenguas :  |b del español al portugués, al italiano y al francés 
250 |a 2a edición actualizada. 
264 1 |a Madrid :  |b Arco/Libros, S. L.,  |c [2016] 
300 |a 1 online resource :  |b illustrations. 
336 |a text  |b txt  |2 rdacontent 
337 |a computer  |b c  |2 rdamedia 
338 |a online resource  |b cr  |2 rdacarrier 
347 |a text file  |2 rdaft 
347 |b PDF 
504 |a Includes bibliographical references. 
546 |a Text in Spanish, French, Italian and Portuguese. 
588 0 |a Online resource; title from PDF title page (Digitalia, viewed October 1, 2024) 
650 0 |a Romance languages  |x Grammar, Comparative. 
700 1 |a Schmidely, Jack,  |e author,  |e editor. 
700 1 |a Alvar Ezquerra, Manuel,  |d 1950-  |e author. 
700 1 |a Hernández González, Carmen,  |e author. 
791 2 |a Digitalia (Firm),  |e distributor. 
793 0 |g Digitalia eBook Collection:  |a Arco/Libros 
776 0 8 |i Print version:  |t De una a cuatro lenguas.  |b 2a edición actualizada.  |d Madrid : Arco/Libros, S. L., 2016  |z 9788476354735 
856 4 0 |3 Digitalia Hispánica  |u https://www.digitaliapublishing.com/a/137592/ 
910 |a Premium collection: 2024